000 01986cam a2200505 4500
999 _c23212
_d23212
001 vtls011748295
005 20220427091923.0
008 210202s2018 xo hojbgrn 001 0bslo
020 _a9788080468743
_q(viazané)
035 _aE1D1FC0E-42B4-450A-8AEE-7BBCEAE8568D
035 _aurn:nbn:sk:snk-am3iexk
035 _aurn:nbn:sk:snk-am00e7eu
040 _aPPPK
_bslo
_cPPPK
_dSNK
_erda
041 0 _aslo
044 _axo
_cSK
072 7 _a929
_xBiografie
_2konspekt
080 _a929.731-055.2
_22011
080 _a929(092)
_22011
080 _a(436+439)
_22011
100 1 _aMrva, Ivan,
_d1954-
_4aut
_92859
245 1 0 _aMária Terézia
_bvladárka a matka
_cIvan Mrva
250 _aPrvé vydanie
264 1 _aBratislava
_bPerfekt
_c2018
300 _a201 strán
_bfaksimile, fotografie, genealogické tabuľky, mapy
_c25 cm
336 _atext
_btxt
_2rdacontent
336 _astatický obraz
_bsti
_2rdacontent
337 _abez média
_bn
_2rdamedia
338 _azväzok
_bnc
_2rdacarrier
500 _aObsahuje bibliografiu na strane 196-197 ; menný register na strane 198-201
500 _aObsahuje chronologický prehľad na strane 188-195
600 0 7 _aMária Terézia,
_cčeská a uhorská kráľovna, cisárovná, manželka Františka Štefana I., rímskonemeckého cisára,
_d1717-1780
_2SNKMA
_92902
600 3 7 _aHabsburg (rod)
_2SNKMA
_92903
648 7 _a1717-1780
_2SNKPH
_92904
648 7 _a18. storočie
_2SNKPH
_92905
648 7 _a18th century
_2SNKPHeng
_92906
650 0 7 _apanovníčky
_2SNKPH
_92907
650 0 7 _aQueens and empresses
_2SNKPHeng
_92908
651 7 _aAustro-Hungarian Monarchy
_2SNKPHeng
_92909
651 7 _aRakúsko-Uhorsko
_2SNKPHgeo
_92910
655 7 _abiografie
_2SNKPH
_91756
655 7 _aBiography
_2SNKPHeng
_91759
711 2 _aNajkrajšie a najlepšie detské knihy jari, leta, jesene a zimy na Slovensku
_n(28 :
_d2017 :
_cBratislava, Slovensko).
_eNajlepšia detská kniha zimy 2017
_92911
958 _aBC
958 _aNB